Coaching para líderes : un aporte desde la práctica /

Bibliographic Details
Main Author: Fierro Evans, Laura (Author)
Format: Electronic eBook
Language:Spanish
Published: Buenos Aires : eBook Granica, [2013]
Series:Management (Buenos Aires, Argentina)
Subjects:
Online Access:Digitalia Hispánica

MARC

LEADER 00000nam a2200000Ii 4500
001 DIGGRANC0070
003 NyNyDIG
006 m o d
007 cr |||||||||||
008 250915s2013 ag a ob 000 0 spa d
035 |a (OCoLC)912308566 
040 |a DGITA  |b eng  |e rda  |e pn  |c DGITA 
020 |a 9789506417789  |q eBook 
020 |z 9789506417727 
050 1 4 |a HD57.7 ebook 
082 0 4 |a 658.4092  |2 23 
100 1 |a Fierro Evans, Laura,  |e author. 
245 1 0 |a Coaching para líderes :  |b un aporte desde la práctica /  |c Laura Fierro Evans. 
264 1 |a Buenos Aires :  |b eBook Granica,  |c [2013] 
300 |a 1 online resource :  |b illustrations. 
336 |a text  |b txt  |2 rdacontent 
337 |a computer  |b c  |2 rdamedia 
338 |a online resource  |b cr  |2 rdacarrier 
347 |a text file  |2 rdaft 
347 |b EPUB 
347 |b PDF  
490 1 |a Management 
504 |a Includes bibliographical references. 
588 0 |a Online resource; title from ePub title page (Digitalia, viewed September 15, 2025) 
650 0 |a Leadership. 
791 2 |a Digitalia (Firm),  |e distributor. 
793 0 |g Digitalia eBook Collection:  |a Granica 
776 0 8 |i Print version:  |a Fierro Evans, Laura.  |t Coaching para líderes.  |d Buenos Aires : Granica, [2013]  |z 9789506417727 
830 0 |a Management (Buenos Aires, Argentina) 
856 4 0 |3 Digitalia Hispánica  |u https://www.digitaliapublishing.com/a/85631/ 
910 |a Premium collection: 2025